Rhodendrons & azaleas / (Запис № 543635)
[ простий вигляд ]
| 000 -LEADER | |
|---|---|
| fixed length control field | 01080cam a2200229Mi 4500 |
| 001 - CONTROL NUMBER | |
| control field | rhodendronsazale00adel |
| 003 - CONTROL NUMBER IDENTIFIER | |
| control field | CaSfIA |
| 005 - DATE AND TIME OF LATEST TRANSACTION | |
| control field | 20210118215240.0 |
| 007 - PHYSICAL DESCRIPTION FIXED FIELD--GENERAL INFORMATION | |
| fixed length control field | cr|||| |
| 008 - FIXED-LENGTH DATA ELEMENTS--GENERAL INFORMATION | |
| fixed length control field | 820916s1982 at 000 0 und d |
| 040 ## - CATALOGING SOURCE | |
| Original cataloging agency | AU@ |
| Language of cataloging | eng |
| Transcribing agency | AU@ |
| Modifying agency | OCLCQ |
| -- | CaSfIA |
| 035 ## - SYSTEM CONTROL NUMBER | |
| System control number | (OCoLC)220003476 |
| 029 0# - (OCLC) | |
| OCLC library identifier | AU@ |
| System control number | 000002302996 |
| 245 00 - TITLE STATEMENT | |
| Title | Rhodendrons & azaleas / |
| Medium | [electronic resource] |
| Statement of responsibility, etc | by T.J. Christensen. |
| 260 ## - PUBLICATION, DISTRIBUTION, ETC. (IMPRINT) | |
| Place of publication, distribution, etc | Adelaide : |
| Name of publisher, distributor, etc | Adelaide Botanic Gardens, |
| Date of publication, distribution, etc | [1982] |
| 490 0# - SERIES STATEMENT | |
| Series statement | A.B.G. leaflet ; |
| Том/ позначення послідовності | 17/82 |
| 506 ## - RESTRICTIONS ON ACCESS NOTE | |
| Standardized terminology for access restriction | Необхідна авторизація на https://archive.org/ (створення облікового запису безкоштовно) |
| 506 ## - RESTRICTIONS ON ACCESS NOTE | |
| Standardized terminology for access restriction | Необхідна авторизація на https://openlibrary.org/ (створення облікового запису безкоштовно) |
| 856 41 - ELECTRONIC LOCATION AND ACCESS | |
| Uniform Resource Identifier | <a href="http://www.archive.org/details/rhodendronsazale00adel">http://www.archive.org/details/rhodendronsazale00adel</a> |
| Public note | Free eBook from the Internet Archive |
| 856 42 - ELECTRONIC LOCATION AND ACCESS | |
| Uniform Resource Identifier | <a href="http://www.openlibrary.org/books/OL24218373M">http://www.openlibrary.org/books/OL24218373M</a> |
| Public note | Additional information and access via Open Library |
| 942 ## - ADDED ENTRY ELEMENTS (KOHA) | |
| Koha item type | ЕКнига |
Немає доступних примірників.